000 00727nam a22001937a 4500
999 _c18802
_d18802
008 240129b ||||| |||| 00| 0 eng d
020 _a9789719813989
082 _22021
_aDFil 155.2
_bR147
100 _aRamos, Maria Lourdes Llaneza.
_950915
245 _aPersonal development :
_ba journey to self-awakening for senior high school /
_cMaria Lourdes Llaneza-Ramos.
250 _aRevised edition.
260 _aQuezon City :
_bC&E Publishing, Inc.,
_c©2021.
300 _axviii, 238 pages :
_billustrations ;
_c26 cm.
500 _aIncludes glossary, Bibliography, and index.
650 _aGroup counseling.
_928363
650 _aMaturation (Psychology)
_919667
650 _aGroup facilitation.
_951445
942 _2ddc
_cDFIL